LEADER 01022nam a2200241 i 4500 001 000000231023 003 CaOOAMICUS 005 20140704000000.0 008 140704s1846 it u000 u ita u 013 $a209926 040 $aSeMil$bita 245 10$aRelazione di Gerusalemme antica e moderna. 260 $aFirenze :$bP. Fumagalli,$c1846. 300 $aVII, 771 p. ;$c24 cm. 500 $aFront. e testo in cornice iconografica. 600 04$aLuca .$0(OLS)http://semarc/subject/41420 600 04$aGiovanni .$0(OLS)http://semarc/subject/10010 650 4$aMarco .$0(OLS)http://semarc/subject/10901 650 4$aMatteo .$0(OLS)http://semarc/subject/35475 850 $aSeMil 852 $aSeMil$W1$xVenegono$y1$m2W IV 45 FA$j181369$B181369$CSeMilBibl$Z2$F192237 $8I 996 $6245$aRelazione di Gerusalemme antica e moderna$9(OLS)http://semarc/title/329947 996 $6260$aFirenze :$bP. Fumagalli$9(OLS)http://semarc/publisher/53855 LEADER 01196nam a2200229 i 4500 001 000000062589 003 CaOOAMICUS 005 20130301000000.0 008 130301s1974 xx u000 u fre u 013 $a33761 040 $aSeMil$bita 100 1 $aFeuillet, André .$0(OLS)http://semarc/name/5232 245 10$aJésus et sa Mère d'après les récits lucaniens de l'enfance et d'après Saint Jean :$ble rôle de la Vierge Marie dans l'histoire du salut et la place de la femme dans l'Église /$cA. Feuillet. 260 $aParis :$bJ. Gabalda et Fils,$c1974. 300 $a307 p. :$bill. ;$c25 cm. 500 $aContiene : Bibliographie. 650 4$aDonna - Teologia.$0(OLS)http://semarc/subject/3890 650 4$aMariologia - Studi.$0(OLS)http://semarc/subject/1438 850 $aSeMil 852 $aSeMil$W1$xVenegono$y1$m2L IV 163$j28742$B28742$CSeMilBibl$Z2$F28745 $81 996 $6245$aJésus et sa Mère d'après les récits lucaniens de l'enfance et d'après Saint Jean :$ble rôle de la Vierge Marie dans l'histoire du salut et la place de la femme dans l'Église$9(OLS)http://semarc/title/98560 996 $6260$aParis :$bJ. Gabalda et Fils$9(OLS)http://semarc/publisher/33814